000 00445nam a2200169Ia 4500
008 230917s9999||||xx |||||||||||||| ||und||
020 _cRS345
040 _e241186
_aMAIN
041 _aEnglish
082 _a658.8 A83S
100 _aApte, Govind
245 0 _aServices marketing
260 _aNew Delhi
_bOxford University Press
_c2014
300 _axi, 440 p.
500 _a2781 14/07/2017 APD17/1058232 14/07/2017 IHTM (SFS)
942 _cBK
999 _c23208
_d23208